00239 a2200109 4500001000700000020000600007040001100013100002900024240003600053245003100089362000900120174540 a  cMagnum aGóes, Lúcia Pimentel10aDragao grandao dragao anaolpor10aDragao grandao dragao anao0 a1899